ARRUPE JESUIT UNIVERSITY

CORONAVIRUS -STOP THE SPREAD - CLEAN,DISINFECT,COVER

The United States and Africa / (Record no. 131458)

MARC details
000 -LEADER
fixed length control field 01065cam a22002893i 4500
001 - CONTROL NUMBER
control field 13749615
003 - CONTROL NUMBER IDENTIFIER
control field ARRUPE
005 - DATE AND TIME OF LATEST TRANSACTION
control field 20220519112558.0
008 - FIXED-LENGTH DATA ELEMENTS--GENERAL INFORMATION
fixed length control field 041013s1963 nyuab 000 0 eng
010 ## - LIBRARY OF CONGRESS CONTROL NUMBER
LC control number 63020154
040 ## - CATALOGING SOURCE
Original cataloging agency DLC
Transcribing agency DLC
Modifying agency DLC
043 ## - GEOGRAPHIC AREA CODE
Geographic area code n-us---
-- f------
050 00 - LIBRARY OF CONGRESS CALL NUMBER
Classification number DT38
Item number .A65 1963
300 ## - PHYSICAL DESCRIPTION
Other physical details ill., maps (1 folded) ;
Dimensions 22 cm.
110 2# - MAIN ENTRY--CORPORATE NAME
Corporate name or jurisdiction name as entry element American Assembly.
9 (RLIN) 51665
245 14 - TITLE STATEMENT
Title The United States and Africa /
Statement of responsibility, etc edited by Walter Goldschmidt.
250 ## - EDITION STATEMENT
Edition statement Rev. ed.
260 ## - PUBLICATION, DISTRIBUTION, ETC. (IMPRINT)
Place of publication, distribution, etc New York :
Name of publisher, distributor, etc Published for the American Assembly, Columbia University by F.A. Praeger,
Date of publication, distribution, etc 1963.
300 ## - PHYSICAL DESCRIPTION
Extent xvi, 298 p. :
500 ## - GENERAL NOTE
General note Originally prepared as background reading for participants in the American Assembly, 1958.
651 #0 - SUBJECT ADDED ENTRY--GEOGRAPHIC NAME
Geographic name United States
General subdivision Relations
Geographic subdivision Africa.
9 (RLIN) 51666
651 #0 - SUBJECT ADDED ENTRY--GEOGRAPHIC NAME
Geographic name Africa
General subdivision Relations
Geographic subdivision United States.
9 (RLIN) 51667
700 1# - ADDED ENTRY--PERSONAL NAME
Personal name Goldschmidt, Walter,
Dates associated with a name 1913-2010.
9 (RLIN) 51668
710 2# - ADDED ENTRY--CORPORATE NAME
Corporate name or jurisdiction name as entry element American Assembly.
9 (RLIN) 51665
906 ## - LOCAL DATA ELEMENT F, LDF (RLIN)
a 0
b cbc
c premver
d u
e ncip
f 19
g y-gencatlg
942 ## - ADDED ENTRY ELEMENTS (KOHA)
Source of classification or shelving scheme Library of Congress Classification
Koha item type Monograph ( Printed materials)
Holdings
Withdrawn status Lost status Source of classification or shelving scheme Damaged status Not for loan Collection code Home library Current library Shelving location Date acquired Total Checkouts Full call number Barcode Date last seen Price effective from Koha item type
    Library of Congress Classification     Main Collection ARRUPE LIBRARY ARRUPE LIBRARY Main Collection 19/05/2022   DT38 .A65 1963 46600008581 19/05/2022 19/05/2022 Monograph ( Printed materials)

 

Arrupe Library. PO Box MP320 Mt Pleasant, Harare, Zimbabwe
263 242 745411|librarian@aju.ac.zw